Statistics for Nordic Countries - Quiz

Click here to take the quiz!

General Stats

  • This quiz has been taken 79 times
    (57 since last reset)
  • The average score is 20 of 27

Answer Stats

Hint Answer % Correct
CountriesDenmark
98%
CountriesFinland
98%
CountriesNorway
98%
CountriesIceland
98%
CountriesSweden
98%
Neighbouring countriesRussia
98%
Neighbouring countriesGermany
98%
Capital citiesHelsinki
95%
Capital citiesOslo
95%
Capital citiesReykjavik
95%
Capital citiesCopenhagen
93%
Capital citiesStockholm
93%
Seas and OceansBaltic sea
90%
Seas and OceansAtlantic ocean
79%
2nd biggest citiesGothenburg
71%
Seas and OceansNorth sea
69%
Autonomous areasGreenland
67%
2nd biggest citiesBergen
64%
Seas and OceansArctic ocean
64%
Autonomous areasĂ…land
60%
Autonomous areasFaroe Islands
60%
2nd biggest citiesAarhus
60%
2nd biggest citiesEspoo
52%
Seas and OceansNorwegian sea
38%
Seas and OceansBarents sea
21%
Seas and OceansGreenland sea
12%
2nd biggest citiesKopavogur
10%

Score Distribution

Percentile by Number Answered

Percent of People with Each Score

Your Score History

You have not taken this quiz since the last reset